Guess the rapper by the song #6 - Statistics

General Stats
  • This quiz has been taken 35 times
  • The average score is 8 of 15
Answer Stats
Song Rapper % Correct
Toosie Slide Drake
94%
Suge DaBaby
91%
Crank That Soulja Boy
89%
Mixed Personalities (feat. Kanye West) YNW Melly
69%
33 Polo G
60%
Lust Lil Skies
57%
CAPO NLE Choppa
57%
Hope XXXTENTACION
57%
Hot (feat. Gunna) Young Thug
57%
Gang Unit Lil Loaded
49%
Leaked Lil Tjay
46%
Amigo Lil Tecca
23%
A Lot To Lose 24KGoldn
11%
Drop a Tear (feat. Lil Baby) Bankrol Hayden
11%
So Fast Lil Mosey
9%
No matching quizzes found
Score Distribution
Percent of People with Each Score
Percentile by Number Answered
Your Score History
You have not taken this quiz